000 00428nam a2200181Ia 4500
005 20240823035327.0
008 240823s9999||||xx |||||||||||||| ||und||
020 _a978-00-99534-4921
041 _aENGLISH
082 _A823.914 Q0
100 _aRuth Rendell
245 0 _aMeans of Evil and other Stories
250 _a1st
260 _c2010
_bArrow
500 _aYES
650 _aOther Stories
_bGeneral
942 _cBK
999 _c200422
_d200422